Statistics for Best-Selling British Musical Acts

Click here to take the quiz!

General Stats

  • This quiz has been taken 39,210 times
    (22,582 since last reset)
  • The average score is 16 of 38

Answer Stats

SalesAlbumArtist% Correct
600 milRubber SoulThe Beatles
95%
350 milGoodbye Yellow
Brick Road
Elton John
82%
200 milThe Dark Side
of the Moon
Pink Floyd
82%
100 milSpace OddityDavid Bowie
80%
100 mil21Adele
70%
200 milA Night at the OperaQueen
70%
200 milBeggars BanquetThe Rolling Stones
67%
75 milSweet Dreams
(Are Made of This)
Eurythmics
63%
100 milFaithGeorge Michael
63%
100 milRumoursFleetwood Mac
58%
100 milTommyThe Who
57%
100 milBand on the RunPaul McCartney /
Wings
55%
50 milParanoidBlack Sabbath
51%
98 milDefinitely MaybeOasis
51%
70 milRioDuran Duran
48%
300 milHouses of the HolyLed Zeppelin
47%
103 milBrothers in ArmsDire Straits
46%
100 milMylo XylotoColdplay
42%
150 milInvisible TouchGenesis
42%
150 milNo Jacket RequiredPhil Collins
42%
75 milSynchronicityThe Police
39%
100 milNumber of the BeastIron Maiden
36%
135 milDiamonds Are ForeverShirley Bassey
35%
260 milMe and My ShadowsCliff Richard
31%
65 milHysteriaDef Leppard
29%
60 milBreakfast in AmericaSupertramp
29%
60 milAqualungJethro Tull
24%
75 milLife thru a LensRobbie Williams
21%
85 milForeverThe Spice Girls
20%
100 milMachine HeadDeep Purple
19%
100 milBlondes Have
More Fun
Rod Stewart
18%
100 milViolatorDepeche Mode
16%
70 milLabour of LoveUB40
13%
50 milColour by NumbersCulture Club
11%
100 milVeryPet Shop Boys
9%
58 milElectric WarriorT. Rex
9%
100 milCatch Us If You CanThe Dave Clark Five
8%
130 milBlue for YouStatus Quo
7%

Score Distribution

Percentile by Number Answered

Percent of People with Each Score

Your Score History

You have not taken this quiz since the last reset